000 01205nam a22004090a 4500
001 PT27494
003 AR-LpoUNG
005 20210131233336.0
008 191001s1998||||ag |||||||||||||||||spa d
020 _a9505816030
_c$47,5
040 _aAR-LpoUNG
_bspa
_cAR-LpoUNG
_eaacr
041 _aspa
044 _aag
082 0 _a982.065 645dec
100 1 _aBlaustein, Eduardo
245 1 0 _aDecíamos ayer :
_bla prensa argentina bajo el Proceso
250 _a1§ edición
260 _aBuenos Aires :
_bColihue,
_c1998.
300 _a651 p. :
_bil.
520 _aTextos e imágenes con todo lo que diarios y revistas argentinos de la época del Proceso de Reorganización Nacional dijeron, silenciaron o tergiversaron.
650 4 _aANALISIS HISTORICO
650 4 _aARGENTINA
650 4 _aDICTADURA
650 4 _aGOBIERNO MILITAR
650 4 _aGOLPES DE ESTADO
650 4 _aHISTORIA POLITICA
650 4 _aHISTORIA SOCIAL
650 4 _aMEDIOS DE COMUNICACION DE MASAS
650 4 _aNOTICIAS DE PRENSA
650 4 _aPRENSA
650 4 _aSERVICIOS DE PRENSA
650 4 _aSOCIEDAD
651 4 _aArgentina
700 1 _aZubieta, Martín
905 _a27494
942 _cLIB
999 _c20164
_d20164